000 00483nam a2200169Ia 4500
003 OSt
005 20260316104059.0
008 211028s2015 xx 000 0 und d
040 _cAIMIT LIBRARY
041 _aeng
100 _aLikith; Srinivas, B L.
_g121720
_94437
110 _aSrinivas B L
_94438
245 _aEmployee attendance and leave management in EnergySync /
260 _aMangalore
_c2015
710 _aTownHub Innovative Solution Pvt. Ltd.
_94439
942 _2ddc
_cPRO
999 _c217570
_d217570